000
00212nam a2200097Ia 4500
008
240331s9999 xx 000 0 und d
082
_b
MAN
100
_a
Mansfield, M
245
0
_a
Black like me :
_b
notes
942
_c
L
999
_c
3190
_d
3190